De los pies a la cabeza (Registro nro. 57528)
[ vista simple ]
| 000 -CABECERA | |
|---|---|
| Longitud fija campo de control | 01210nam a2200349 i 4500 |
| 003 - • IDENTIFICADOR DELl NÚMERO DE CONTROL | |
| Identificador del número de control | CO-BoRNBP |
| 005 - • FECHA Y HORA DE LA ÚLTIMA TRANSACCIÓN | |
| Fecha y hora de la última transacción | 20250710120810.0 |
| 007 - • CAMPO FIJO DE DESCRIPCIÓN FÍSICA | |
| Campo fijo de descripción física | ta |
| 008 - • CÓDIGOS DE INFORMACIÓN DE LONGITUD FIJA | |
| Códigos de información de longitud fija | 231207r20202023ck a|||br|||| 00| p spa d |
| 020 ## - • NÚMERO INTERNACIONAL NORMALIZADO PARA LIBROS | |
| Número Internacional Normalizado para Libros (ISBN) | 9786289549782 |
| 040 ## - FUENTE DE LA CATALOGACIÓN | |
| Centro catalogador de origen | CO-BoRNBP |
| Lengua de catalogación | spa |
| Normas de descripción | rda |
| Centro transcriptor | CO-BoRNBP |
| 041 0# - • CÓDIGO DE LENGUA | |
| Código de lengua del texto/banda sonora o título independiente | spa |
| 043 ## - CÓDIGO DE ÁREA GEOGRÁFICA | |
| Código de área geográfica | s-ck--- |
| 084 ## - • Clasificación Local Alfanúmerica PNLB | |
| Número de clasificación | P POS10 |
| 100 ## - • PUNTO DE ACCESO PRINCIPAL-NOMBRE DE PERSONA | |
| Nombre de persona | Posada Saldarriaga, Pilar, |
| Fechas asociadas al nombre | 1953- |
| 245 10 - • TITULO PROPIAMENTE DICHO | |
| Título | De los pies a la cabeza |
| Resto del título | juega conmigo |
| Mención de responsabilidad, etc. | Pilar Posada ; ilustraciones de Juliana Salcedo Reyes |
| 250 ## - • MENCIÓN DE EDICIÓN | |
| Mención de edición | Primera edición |
| 250 ## - • MENCIÓN DE EDICIÓN | |
| Mención de edición | Segunda edición |
| 264 #1 - PRODUCCIÓN, PUBLICACIÓN , DISTRIBUCIÓN, FABRICACIÓN Y COPYRIGHT | |
| Lugar de producción, publicación, distribución, fabricación | Bogotá, Colombia |
| Nombre del productor, editor, distribuidor, fabricante | Cataplum Libros |
| Fecha de de producción, publicación, distribución, fabricación o copyright | 2020 |
| -- | 2023 |
| 300 ## - • DESCRIPCIÓN FÍSICA | |
| Extensión | 32 páginas sin numerar |
| Otras características físicas | ilustraciones a color |
| Dimensiones | 18 cm |
| 336 ## - TIPO DE CONTENIDO | |
| Término de tipo de contenido | texto |
| Código de tipo de contenido | txt |
| Fuente | rdacontent |
| 337 ## - TIPO DE MEDIO | |
| Nombre del tipo de medio | sin mediación |
| Código del tipo de medio | n |
| Fuente | rdamedia |
| 338 ## - TIPO DE SOPORTE | |
| Nombre del tipo de soporte | volumen |
| Código del tipo de soporte | nc |
| Fuente | rdacarrier |
| 521 1# - • NOTA DE PÚBLICO DESTINATARIO | |
| Nota público destinatario (R ) | Recomendado para un público infantil a partir de los 6 años. |
| 650 10 - • PUNTO DE ACCESO ADICIONAL DE MATERIA - TÉRMINO DE MATERIA | |
| Término de materia o nombre geográfico como elemento inicial | Juegos en la literatura. |
| Fuente del encabezamiento o término | LEMB |
| 650 10 - • PUNTO DE ACCESO ADICIONAL DE MATERIA - TÉRMINO DE MATERIA | |
| Término de materia o nombre geográfico como elemento inicial | Familia en la litaratura |
| Fuente del encabezamiento o término | LEMB |
| 650 17 - • PUNTO DE ACCESO ADICIONAL DE MATERIA - TÉRMINO DE MATERIA | |
| Término de materia o nombre geográfico como elemento inicial | Poesía infantil colombiana |
| Subdivisión cronológica | Siglo XXI |
| Fuente del encabezamiento o término | LEMB |
| 650 17 - • PUNTO DE ACCESO ADICIONAL DE MATERIA - TÉRMINO DE MATERIA | |
| Término de materia o nombre geográfico como elemento inicial | Literatura infantil colombiana |
| Fuente del encabezamiento o término | LEMB |
| 700 ## - • PUNTO DE ACCESO ADICIONAL - NOMBRE DE PERSONA | |
| Nombre de persona | Salcedo Reyes, Juliana |
| 942 ## - ENTRADA DE ELEMENTOS AGREGADOS (KOHA) | |
| Fuente de clasificaión o esquema | |
| Koha [por defecto] tipo de item | Literatura Infantil |
No hay ítems disponibles.